| 000 | 00436nam a22001577a 4500 | ||
|---|---|---|---|
| 003 | MACL | ||
| 005 | 20170121123154.0 | ||
| 008 | 170121b xxu||||| |||| 00| 0 eng d | ||
| 040 | _cMACL | ||
| 082 | _a891.431/SIL | ||
| 100 |
_aसाइलस संदीप 'दीप ' _966650 |
||
| 245 | _aरानाई-ए-ख्ायाल | ||
| 260 |
_aआगरा _bSilas _c2012 |
||
| 650 |
_aकविता _966651 |
||
| 942 |
_2ddc _cHIN |
||
| 999 |
_c56000 _d56000 |
||